The theatre of the face : (Record no. 353328)
[ view plain ]
| 000 -LEADER | |
|---|---|
| fixed length control field | 01261 a2200265 4500 |
| 003 - CONTROL NUMBER IDENTIFIER | |
| control field | OSt |
| 005 - DATE AND TIME OF LATEST TRANSACTION | |
| control field | 20180116192401.0 |
| 008 - FIXED-LENGTH DATA ELEMENTS--GENERAL INFORMATION | |
| fixed length control field | 120703t xxu||||| |||| 00| 0 eng d |
| 010 ## - LIBRARY OF CONGRESS CONTROL NUMBER | |
| LC control number | 2010283069 |
| 020 ## - INTERNATIONAL STANDARD BOOK NUMBER | |
| International Standard Book Number | 9780714843728 |
| 020 ## - INTERNATIONAL STANDARD BOOK NUMBER | |
| International Standard Book Number | 0714843725 |
| 035 ## - SYSTEM CONTROL NUMBER | |
| System control number | (OCoLC)ocn154782996 |
| 040 ## - CATALOGING SOURCE | |
| Transcribing agency | 0 |
| 082 04 - DEWEY DECIMAL CLASSIFICATION NUMBER | |
| Classification number | 778.92 |
| 100 1# - MAIN ENTRY--PERSONAL NAME | |
| Personal name | Kozloff, Max. |
| 9 (RLIN) | 5414 |
| 245 14 - TITLE STATEMENT | |
| Title | The theatre of the face : |
| Remainder of title | portrait photography since 1900 / |
| Statement of responsibility, etc. | Max Kozloff. |
| 260 ## - PUBLICATION, DISTRIBUTION, ETC. | |
| Place of publication, distribution, etc. | London ; |
| -- | New York : |
| Name of publisher, distributor, etc. | Phaidon, |
| Date of publication, distribution, etc. | 2007. |
| 300 ## - PHYSICAL DESCRIPTION | |
| Extent | 335 p. : |
| Other physical details | ill. (some col.) ; |
| Dimensions | 28 cm. |
| 505 0# - FORMATTED CONTENTS NOTE | |
| Formatted contents note | Retrospection and clairvoyance : portraits of the early twentieth century -- Introversions of the self : the author in the portrait 1900-1935 -- Shades of valour : portraiture and the making of history 1930-1945 -- The Sander effect : portraiture and the exposure of the masquerade -- Insiders and their cultures : portraits of difference 1970-2000 -- From celebrities to nonentities : portraiture, beauty and death 1980 to the present. |
| 650 10 - SUBJECT ADDED ENTRY--TOPICAL TERM | |
| Topical term or geographic name entry element | Portrait photography. |
| 9 (RLIN) | 5415 |
| 650 10 - SUBJECT ADDED ENTRY--TOPICAL TERM | |
| Topical term or geographic name entry element | Portrait photography |
| General subdivision | History. |
| 9 (RLIN) | 5416 |
| 650 10 - SUBJECT ADDED ENTRY--TOPICAL TERM | |
| Topical term or geographic name entry element | Porträtphotographie |
| 9 (RLIN) | 5417 |
| 942 ## - ADDED ENTRY ELEMENTS (KOHA) | |
| Institution code [OBSOLETE] | SADA |
| Koha item type | Book |
| Call number prefix | 778.92 KOZ 2007 |
| Source of classification or shelving scheme | |
| 952 ## - LOCATION AND ITEM INFORMATION (KOHA) | |
| -- | BOOK |
| Withdrawn status | Lost status | Source of classification or shelving scheme | Damaged status | Not for loan | Permanent Location | Current Location | Date acquired | Total Checkouts | Full call number | Barcode | Date last seen | Cost, replacement price | Price effective from | Koha item type |
|---|---|---|---|---|---|---|---|---|---|---|---|---|---|---|
| School of Art Design and Architecture (SADA) | School of Art Design and Architecture (SADA) | 06/30/2011 | 778.92 KOZ 2007 | SADA0001510 | 08/05/2011 | 3843.00 | 08/05/2011 | Book |
